Rules for Construction of Pressure Vessels Division 1. (Record no. 8268)

MARC details
000 -LEADER
fixed length control field 00612nam a2200181Ia 4500
003 - CONTROL NUMBER IDENTIFIER
control field IN-BaIIA
008 - FIXED-LENGTH DATA ELEMENTS--GENERAL INFORMATION
fixed length control field 211028s9999 xx 000 0 eng d
040 ## - CATALOGING SOURCE
Transcribing agency IIA Library
080 ## - UNIVERSAL DECIMAL CLASSIFICATION NUMBER
Universal Decimal Classification number 083.7:62
Item number ASME
110 ## - MAIN ENTRY--CORPORATE NAME
Corporate name or jurisdiction name as entry element American Society of Mechanical Engineers
245 #0 - TITLE STATEMENT
Title Rules for Construction of Pressure Vessels Division 1.
Statement of responsibility, etc. The American Society of Mechanical Engineers
260 ## - PUBLICATION, DISTRIBUTION, ETC.
Place of publication, distribution, etc. New york
Name of publisher, distributor, etc. The American Society of Mechanical Engineers
Date of publication, distribution, etc. 1980
300 ## - PHYSICAL DESCRIPTION
Extent xxm, 610p.
650 ## - SUBJECT ADDED ENTRY--TOPICAL TERM
Topical term or geographic name entry element Boilers-Standards
9 (RLIN) 13869
650 ## - SUBJECT ADDED ENTRY--TOPICAL TERM
Topical term or geographic name entry element NASA Thesaurus
650 ## - SUBJECT ADDED ENTRY--TOPICAL TERM
Topical term or geographic name entry element Standards-Boilers
9 (RLIN) 13870
942 ## - ADDED ENTRY ELEMENTS (KOHA)
Koha item type Books
Holdings
Withdrawn status Lost status Damaged status Not for loan Home library Current library Shelving location Date acquired Total Checkouts Full call number Barcode Date last seen Price effective from Koha item type Purchase Price
        IIA Library-Bangalore IIA Library-Bangalore General Stacks 14/05/1985   083.7:62/ ASME 9112 05/11/2021 14/05/1985 Books 110

Powered by Koha